LIBRARY & INFORMATION CENTRE, KCAET, TAVANUR

ONLINE PUBLIC ACCESS CATALOGUE (OPAC)

Structural mechanics / (Record no. 3325)

MARC details
000 -LEADER
fixed length control field 00404cam a2200169ua 4500
003 - CONTROL NUMBER IDENTIFIER
control field OSt
008 - FIXED-LENGTH DATA ELEMENTS--GENERAL INFORMATION
fixed length control field 250610b |||||||| |||| 00| 0 eng d
041 ## - LANGUAGE CODE
Language code of text/sound track or separate title eng
082 ## - DEWEY DECIMAL CLASSIFICATION NUMBER
Classification number 624.171
Item number DAR/ST
100 ## - MAIN ENTRY--AUTHOR NAME
Personal name Darkov, A .
245 ## - TITLE STATEMENT
Title Structural mechanics /
250 ## - EDITION STATEMENT
Edition statement 1 /
260 ## - PUBLICATION, DISTRIBUTION, ETC. (IMPRINT)
Place of publication Moscow :
Name of publisher Mir Publishers ,
Year of publication 1969.
300 ## - PHYSICAL DESCRIPTION
Number of Pages 703 ; .
700 1# - ADDED ENTRY--PERSONAL NAME
Personal name Kuznetsove, V .
942 ## - ADDED ENTRY ELEMENTS (KOHA)
Koha item type Books
Holdings
Withdrawn status Lost status Damaged status Home library Current library Date acquired Full call number Accession Number Koha item type
      KAUAET KAUAET 07/04/2012 624.171 DAR/ST 11219 Books
free website counter